High latitude climate and remote sensing (Record no. 104953)
[ view plain ]
| 000 -LEADER | |
|---|---|
| fixed length control field | 01008cam a2200229 4500 |
| 001 - CONTROL NUMBER | |
| control field | ##L131996 |
| 008 - FIXED-LENGTH DATA ELEMENTS--GENERAL INFORMATION | |
| fixed length control field | 051220n1996 000 0 eng u |
| 020 ## - INTERNATIONAL STANDARD BOOK NUMBER | |
| International Standard Book Number | 0471960934 |
| 035 ## - SYSTEM CONTROL NUMBER | |
| System control number | (Sirsi) u131996 |
| 041 0# - LANGUAGE CODE | |
| Language code of text/sound track or separate title | eng |
| 050 04 - LIBRARY OF CONGRESS CALL NUMBER | |
| Classification number | 526.982 $2 18 |
| 100 1# - MAIN ENTRY--PERSONAL NAME | |
| Personal name | Kondratyev, K. |
| 245 00 - TITLE STATEMENT | |
| Title | High latitude climate and remote sensing |
| 260 ## - PUBLICATION, DISTRIBUTION, ETC. | |
| Place of publication, distribution, etc. | Chichester |
| Name of publisher, distributor, etc. | John Wiley |
| Date of publication, distribution, etc. | 1996 |
| 300 ## - PHYSICAL DESCRIPTION | |
| Extent | viii, 200p. |
| Dimensions | 24cm. |
| 490 #0 - SERIES STATEMENT | |
| Series statement | Wiley Series in Remote Sensing |
| 520 ## - SUMMARY, ETC. | |
| Summary, etc. | Brings together information on microwave remote sensing and alteration in high latitude climate as an indicator of global climate change. Draws upon original research and covers the principal components of high latitude environmental dynamics, composition of high latitude atmosphere and the interaction between cloudiness and radiation at high latitude. |
| 690 ## - LOCAL SUBJECT ADDED ENTRY--TOPICAL TERM (OCLC, RLIN) | |
| Topical term or geographic name as entry element | ENVIRONMENTAL AND LAND CONSULTANCY-GEOMATICS-PHOTOGRAMMETRY AND REMOTE SENSING |
| 700 1# - ADDED ENTRY--PERSONAL NAME | |
| Personal name | Johannessen, O. M. |
| 700 1# - ADDED ENTRY--PERSONAL NAME | |
| Personal name | Melentyev, V. V. |
| 942 ## - ADDED ENTRY ELEMENTS (KOHA) | |
| Suppress in OPAC | 0 |
| Withdrawn status | Lost status | Source of classification or shelving scheme | Damaged status | Not for loan | Home library | Current library | Shelving location | Date acquired | Total Checkouts | Full call number | Barcode | Date last seen | Copy number | Price effective from | Koha item type |
|---|---|---|---|---|---|---|---|---|---|---|---|---|---|---|---|
| Dewey Decimal Classification | London | London | Books | 20/12/2005 | 526.982 KON | 30071718 | 06/08/2019 | 1 | 06/08/2019 | Book |